000 01413nam a2200349 c 4500
003 BLK
005 20250712142448.0
008 180409b bul|||||r ||||||| ||bul||
010 _aKNG00136510000
020 _a978-954-28-0470-3
_bиздат.: Сиела Софт енд Паблишинг
040 _aBLK
041 _aBUL
_cBUL
072 7 _2bullib
_aН84
_xБългарска художествена литература Н
080 _aБългарска литература
_b821.163.2
_x-32
_z821.163.2-32
100 1 _aЕнев, Деян
_eпърви автор
_gПопов, Деян Енев
_9365263
700 1 _aПопов, Деян Енев
_e*
_9272523
139 _aЕнев, Деян
_bЕ 64
245 1 0 _aВсички на носа на гемията
_bИзбрани разкази и Заложна къща
_cДеян Енев; * Деян Енев Попов.
257 _aBGR
260 София
_bСиела Софт енд Паблишинг
_c2009
300 _a303 с.
_c21 см
380 _aX
500 _aПълното име на авт. е Деян Енев Попов.
653 _aразкази
659 _aН
852 _aЦб 256937
856 4 _qpdf
_u
856 4 _qpdf
_u
942 _cKNG
_n0
_010
944 _aCR
_c27.11.2012
_lМартин Енчев
_k30575
944 _aED
_c08.05.2015
_lф /
_kЛюдмила_Стоянова
999 _c130722
_d130722